The odyssey of a Judicial career in precarious times : (Record no. 7256)

MARC details
000 -LEADER
fixed length control field 00497nam a22001337a 4500
008 - FIXED-LENGTH DATA ELEMENTS--GENERAL INFORMATION
fixed length control field 150702b xxu||||| |||| 00| 0 eng d
020 ## - INTERNATIONAL STANDARD BOOK NUMBER
International Standard Book Number 9781910048047
082 ## - DEWEY DECIMAL CLASSIFICATION NUMBER
Classification number 347.013 WAM
100 ## - MAIN ENTRY--PERSONAL NAME
Personal name Wambuzi, Samuel William Wako
245 ## - TITLE STATEMENT
Title The odyssey of a Judicial career in precarious times :
Remainder of title My trials and triumphs as a three- time chief justice of Uganda /
Statement of responsibility, etc Samuel William Wako Wambuzi
260 ## - PUBLICATION, DISTRIBUTION, ETC. (IMPRINT)
Place of publication, distribution, etc UK :
Name of publisher, distributor, etc CROSS house books,
Date of publication, distribution, etc 2014.
300 ## - PHYSICAL DESCRIPTION
Extent xv, 244p. :
Other physical details ill. ;
Dimensions 23cm.
942 ## - ADDED ENTRY ELEMENTS (KOHA)
Source of classification or shelving scheme Dewey Decimal Classification
Item type Books
Holdings
Withdrawn status Lost status Source of classification or shelving scheme Damaged status Not for loan Home library Current library Shelving location Date acquired Total Checkouts Full call number Date last seen Copy number Price effective from Koha item type
    Dewey Decimal Classification     Law Development Centre Main Library Law Development Centre Main Library Text Books and Laws 07/02/2015   347.013 WAM 07/02/2015 010 07/02/2015 Books